000 00854nam a22002177a 4500
999 _c10467
_d10467
003 AR-CdUCM
008 190401b ||||| |||| 00| 0 spa d
040 _aMUNICIPALIDAD PROVINCIAL DEL CUSCO
_cBIBLIOTECA MUNICIPAL DEL CUSCO
041 _hger
082 _215ed.
_a544 /
_bP35 / 1921
100 _aPechmann, H. V.
_927340
245 _aIntroducción al análisis químico cualitativo :
_bsegún Volhard /
260 _aMadrid :
_bCalpe,
_c1921.
300 _a256 páginas ;
_bfiguras, tabla de los elementos químicos,
_c17 cm.
440 _aBiblioteca de Química.
_927341
505 _aContenido: Introducción al análisis químico cualitativo -- Marcha analítica para el análisis químico cualitativo.
650 _aElementos químicos
_93282
700 _aGarcía Banús, Antonio (traducción)
_927342
942 _2ddc
_cLIBROS
945 _aachl